01751nam a2200241Ia 4500001000600000003000900006008004100015040001300056040001300069041001300082100003000095100002900125245006400154245006300218250001100281260001000292260000900302260004900311300005700360500104000417650002101457650003101478F8462IT-RoPAU130308s9999 xx 000 0 und d aIT-RoPAU cIT-RoPAU aITALIANO aSiciliani De Cumis Nicola gCodice Aut. SPICS: 21011 aZavattini e i bambini: l'improvviso, il sacro e il profano bZavattini e I Bambini: L'Improvviso, Il Sacro e Il Profano a1a ed. aLECCE bArgo c1999 [1° Ed.:1999 - Ed.Ling.Originale:1999] a"286 p. (prefazione: no ; testo: 286 [pagine: 0-0])" a"Religione Zavattiniana del ""Subito"". Diario collettivo di un Anno: Za e I Bambini: Agosto 1984 Luglio 1985. intervista su Pace, Cinema e Scuola: Inverno 1984/1985. Educazione Alla Pace in una scelta di Film Sulla Guerra e Sulla Pace (1940 1983). lettera Semiaperta a Za (E per Conoscenza Ai Bambini Italiani Suoi Corrispondenti). lettera Ai Bambini Italiani di Cesare Zavattini. Poscritto in Forma di lettera a Cesare Zavattini. parte Seconda: Direzioni D'Indagine e Approfondimenti: Giochi e Giocattoli 1927 1940, Gara Mondiale di Matematica 1931, Bambini di Hollywood 1932, matti poveri e Bambini 1937 1938, Cinema e Bambini 1940 1985, toto' bambino 1941 1977, Ipocrita 1943 1955, per Pinocchio 1943 1961, Antibambino 1944 1948, Bambini e Cinema 1947 1959, Bambini Misteriosi 1952 1963, Poesia e Bambini 1956 1968, I Fumetti e un cartone Animato 1969 1971 (1930 1960), Teatro dei Bambini 1976_1995, Telesubito 1983 1996. Educazione vecchia e Nuova. Appendice di Antonio Santoni Rugiu: la ""Za Pedagogia"" (Con rispetto Parlando)." aSAGGI SUL CINEMA eCodice materia Spics: 6811